000 00677nam a2200253 i 4500
001 C2-0334255
003 PPAK
005 20180728134120.0
008 151020s2015 my |||| ||||| | may d
020 _a9789670870045
040 _aPPAK
_beng
_cPPAK
_erda
082 0 4 _a899.233
_223
090 0 0 _a899.233
_bAIL
_dG
100 0 _aAilah Diela,
_eauthor
245 1 0 _aAbang sayang adik manis
264 1 _aKajang, Selangor :
_bAnaasa Publication ,
_c2015
300 _a609 pages ;
_c19 cm
336 _2rdacontent
_atext
337 _2rdamedia
_aunmediated
338 _2rdacarrier
_avolume
650 1 0 _aMalay fiction.
700 0 _aQuefira,
_eeditor
942 _ddc
_cB
999 _c132749
_d132749